000 00703nam a2200193 i 4500
001 25613
003 ES-MaACL
005 20251005063033.0
007 t|
008 021227s1836 fr ||||1| ita d
100 1 _aAriosto, Lodovico,
_d1474-1533
_922846
245 1 2 _aL'Orlando furioso e le satire /
_cdi Lodovico Ariosto ; con note di diversi per diligenza e studio di Antonio Buttura.
260 _aParigi :
_bpresso Lefevre,
_c1836.
300 _a4 vol. (XXVI, 474 p.) (488 p.) (475 p.) (496 p ;
_c21 cm.
505 8 _aContiene: La vita di Ludovico Ariosto, scritta dal Dottor Barotti
700 1 _aButtura, Antonio.
_932976
852 _aES-MaACL
_jG-7841-44
999 _c25613
_d25613